دليل القائدات في حركة المرشدات :(اعداد -تدريب) / (رقم التسجيلة. 34884)
[ عرض عادي ]
| 000 -LEADER | |
|---|---|
| fixed length control field | 00687nam a22002057a 4500 |
| 005 - DATE AND TIME OF LATEST TRANSACTION | |
| control field | 20251108165924.0 |
| 008 - FIXED-LENGTH DATA ELEMENTS--GENERAL INFORMATION | |
| fixed length control field | 250721s1998 xx 000 0 ara d |
| 020 ## - INTERNATIONAL STANDARD BOOK NUMBER | |
| International Standard Book Number | 977025603x |
| 082 14 - DEWEY DECIMAL CLASSIFICATION NUMBER | |
| Classification number | ط/ 369.463/محم |
| 100 1# - MAIN ENTRY--PERSONAL NAME | |
| Personal name | محمد، إقبال كامل |
| Relator term | مؤلف |
| 245 10 - TITLE STATEMENT | |
| Title | دليل القائدات في حركة المرشدات :(اعداد -تدريب) / |
| 264 1# - PRODUCTION, PUBLICATION, DISTRIBUTION, MANUFACTURE, AND COPYRIGHT NOTICE | |
| Place of production, publication, distribution, manufacture | القاهرة : |
| Name of producer, publisher, distributor, manufacturer | دار المعارف، |
| Date of production, publication, distribution, manufacture, or copyright notice | 1998. |
| 300 ## - PHYSICAL DESCRIPTION | |
| Extent | 231ص. |
| 490 0# - SERIES STATEMENT | |
| Series statement | مكتبة الكشافة و المرشدات |
| Volume/sequential designation | 5 |
| 650 17 - SUBJECT ADDED ENTRY--TOPICAL TERM | |
| Topical term or geographic name as entry element | الحركة الكشفية |
| 650 17 - SUBJECT ADDED ENTRY--TOPICAL TERM | |
| Topical term or geographic name as entry element | المرشدات |
| 653 ## - INDEX TERM--UNCONTROLLED | |
| Uncontrolled term | ناشئون كبار (15-18 سنة) |
| 942 ## - ADDED ENTRY ELEMENTS (KOHA) | |
| Source of classification or shelving scheme | Dewey Decimal Classification |
| Koha item type | كتب |
| حالة السحب | حالة الفقدان | مصدر التصنيف | حالة التلف | غير قابل للإعارة | المكتبة الرئيسية | المكتبة الحالية | موقع الرف | تاريخ التزويد | الرقم المتسلسل | Total Checkouts | رقم الإستدعاء | الباركود | تاريخ آخر ظهور | تاريخ الفاتورة | نوع المادة (كوها) |
|---|---|---|---|---|---|---|---|---|---|---|---|---|---|---|---|
| Dewey Decimal Classification | المكتبة المركزية | المكتبة المركزية | مقتنيات قسم التزويد | 28/07/2025 | 1766203 | ط/ 369.463/محم | 28/07/2025 | 28/07/2025 | كتب | ||||||
| Dewey Decimal Classification | مكتبة أم المؤمنين للأطفال | مكتبة أم المؤمنين للأطفال | الأطفال | 28/07/2025 | 361307 | ط/ 369.463/محم | 361307 | 28/07/2025 | 28/07/2025 | كتب | |||||
| Dewey Decimal Classification | مكتبة أم قصير والمقابلين العامة | مكتبة أم قصير والمقابلين العامة | الأطفال | 06/07/2004 | 361322 | ط/ 369.463/محم | 361322 | 28/07/2025 | 06/07/2004 | كتب | |||||
| Dewey Decimal Classification | Unchecked | مكتبة الاميرة بديعة | مكتبة الاميرة بديعة | الأطفال | 06/07/2004 | 361315 | ط/ 369.463/محم | 28/07/2025 | 06/07/2004 | كتب | |||||
| Dewey Decimal Classification | مكتبة البراعم الواعدة | مكتبة البراعم الواعدة | الأطفال | 30/06/2015 | 1600989 | ط/ 369.463/محم | PLD00335019 | 28/07/2025 | 30/06/2015 | كتب | |||||
| Dewey Decimal Classification | مكتبة الحسن العامة | مكتبة الحسن العامة | الأطفال | 23/09/2018 | 361318 | ط/ 369.463/محم | PLD00433307 | 28/07/2025 | 23/09/2018 | كتب | |||||
| Dewey Decimal Classification | Unchecked | مكتبة النصر العامة | مكتبة النصر العامة | الأطفال | 06/07/2004 | 361319 | ط/ 369.463/محم | 28/07/2025 | 06/07/2004 | كتب | |||||
| Dewey Decimal Classification | Unchecked | مكتبة حمزة العامة | مكتبة حمزة العامة | الأطفال | 06/07/2004 | 361316 | ط/ 369.463/محم | 28/07/2025 | 06/07/2004 | كتب | |||||
| Dewey Decimal Classification | مكتبة صويلح العامة | مكتبة صويلح العامة | الأطفال | 01/07/2019 | 361320 | ط/ 369.463/محم | PLD00455589 | 28/07/2025 | 01/07/2019 | كتب | |||||
| Dewey Decimal Classification | مكتبة وادي السير العامة | مكتبة وادي السير العامة | الأطفال | 06/07/2004 | 361313 | ط/ 369.463/محم | 361313 | 28/07/2025 | 06/07/2004 | كتب |